<?xml version="1.0" encoding="UTF-8"?>
<marc:record xmlns:marc="http://www.loc.gov/MARC21/slim">
   <marc:leader>00000nam a2200000 a 4500</marc:leader>
   <marc:datafield ind1="1" ind2=" " tag="100">
      <marc:subfield code="a">Blanck, Ulf</marc:subfield>
      <marc:subfield code="4">aut</marc:subfield>
      <marc:subfield code="e">Verfasser/-in</marc:subfield>
   </marc:datafield>
   <marc:datafield ind1="0" ind2="0" tag="245">
      <marc:subfield code="a">Rick Nautilus</marc:subfield>
   </marc:datafield>
   <marc:datafield ind1="0" ind2="0" tag="245">
      <marc:subfield code="b">SOS aus der Tiefe</marc:subfield>
   </marc:datafield>
   <marc:datafield ind1="0" ind2="0" tag="245">
      <marc:subfield code="c">Ulf Blanck. Mit Bildern von Timo Grubing</marc:subfield>
   </marc:datafield>
   <marc:datafield ind1=" " ind2="1" tag="264">
      <marc:subfield code="a">Frankfurt a. M.</marc:subfield>
      <marc:subfield code="b">Fischer KJB</marc:subfield>
      <marc:subfield code="c">2021</marc:subfield>
   </marc:datafield>
   <marc:datafield ind1="1" ind2=" " tag="520">
      <marc:subfield code="a">Quelle: bn.bibliotheksnachrichten (http://www.biblio.at/literatur/bn/index.html); #Autor: Sabine Eidenberger; #Spannende Abenteuer unter dem Meeresspiegel für junge LeserInnen. Band 1 der Serie. (ab 8) (JE)#Rick, Ava und Emilio steuern mit ihrem U-Boot, der Nautilus, eine unerforschte Insel an. Rick ist ein Nachfahre des berühmten Kapitän Nemo. Er ist Erfinder und Forscher. Ava ist eine Ozeanierin: Sie kann sich mit Meeresbewohnern unterhalten und bei der Berührung mit Wasser werden ihre Füße zum Fischschwanz. Emilio stammt von edlen Piraten ab und ist ein mutiger Draufgänger mit immer neuen Ideen. Plötzlich entdecken die drei eine Flaschenpost mit einem Hilferuf darin und einer Schnur daran, die tief in den Ozean führt: ein klarer Fall für die Freunde - ab in die Tiefe und ins Abenteuer.#In kurzen Sätzen und Kapiteln lockt die Geschichte voll Fantasie und Spannung junge LeserInnen in eine Traumwelt unter dem Meer. Die Illustrationen von Timo Grubing wecken garantiert Interesse und bewegen auch den größten Lesemuffel zum Weiterblättern. Eine kindgerechte Abenteuergeschichte mit allem, was die kindliche Fantasie so braucht. Nebenbei wird auch noch das Thema Umweltschutz und der Einfluss der Zivilisation auf unsere Ozeane behandelt. Für alle Bestände zu empfehlen.</marc:subfield>
   </marc:datafield>
   <marc:datafield ind1=" " ind2=" " tag="020">
      <marc:subfield code="a">9783737342346</marc:subfield>
      <marc:subfield code="9">9783737342346</marc:subfield>
   </marc:datafield>
   <marc:datafield ind1=" " ind2=" " tag="041">
      <marc:subfield code="a">ger</marc:subfield>
   </marc:datafield>
   <marc:datafield ind1=" " ind2=" " tag="300">
      <marc:subfield code="a">130 Seiten</marc:subfield>
   </marc:datafield>
</marc:record>
